載入...

Mamukkoya /

書目詳細資料
其他作者: Thaha Madai
格式: Printed Book
出版: Kottayam: DC Books, 2010.
主題:
LEADER 00488cam a2200157ua 4500
008 110317t2010||||||||||| 00 ||||| c
082 |a M927.91  |b THA/M 
245 0 0 |a Mamukkoya /  
260 |a Kottayam:  |b DC Books,  |c 2010. 
300 |a 108p.. 
362 1 |a 2010. 
650 0 |a Mamukkoya-Memoirs 
700 0 2 |a Thaha Madai,  
942 |c BK 
999 |c 25167  |d 25167 
952 |0 0  |1 0  |4 0  |6 M_927_910000000000000_THA  |7 0  |9 26781  |a KUCL  |b KUCL  |d 2014-05-23  |l 1  |o M927.91 THA/  |p 25703  |r 2019-01-28  |s 2018-12-24  |w 2014-05-23  |y BK